=LDR 00000nam 2200000 4500 =001 INLIS000000000001062 =005 20230621020837 =035 ##$$a 0010-0323000185 =007 ta =008 230621################g##########0#ind## =020 ##$$a - =082 ##$$a 297. 09 =084 ##$$a 297. 09 SUD k =100 #$$a Sudjangi =245 1#$$a Kajian Agama dan Masyarakat : $b 15 tahun badan penelitian dan pengembangan agama 1975-1990 /$c Sudjangi =250 ##$$a Jilid 3 =260 ##$$a Jakarta :$b Departemen Agama RI, Badan Penelitian dan Pengembangan Agama,$c 1993 =300 ##$$a xii, 376 halaman : $b Ilustrasi ; $c 21 cm$e - =650 #4$$a Pemikiran Islam =650 #4$$a Agama dan Sosial =520 ##$$a Isi buku jilid 3 ini agak berbeda sifatnya dengan kedua penerbitan yang terdahulu, jilid 1 dan jilid 2 yaitu : isi kumpulan kajian dari para ahli tentang agama dan kemasyarakatan. Sedangkan isi buku jilid 3 ini memusatkan pada kajian kerukunan hidup antar umat beragama di Indonesia. =990 ##$$a B-1993-00004